Countries With Yellow in their Flags with map - Statistics

General Stats
  • This quiz has been taken 44 times
  • The average score is 72 of 100
Answers on the Map
Answers color-coded by a green-red scale on the quiz's map according to % correct below.
 
Answer Stats
Answer % Correct
China
92%
Colombia
92%
Ecuador
92%
Spain
92%
Angola
88%
Ukraine
88%
Venezuela
88%
Vietnam
88%
Argentina
85%
Belgium
85%
Brazil
85%
Chad
85%
Equatorial Guinea
85%
Germany
85%
Lithuania
85%
South Africa
85%
Sweden
85%
Uruguay
85%
Bolivia
81%
Democratic Republic of the Congo
81%
Kazakhstan
81%
Romania
81%
Zimbabwe
81%
Bosnia and Herzegovina
77%
Burkina Faso
77%
Central African Republic
77%
Egypt
77%
Eritrea
77%
Ethiopia
77%
Mali
77%
Mexico
77%
Myanmar
77%
Namibia
77%
Portugal
77%
Republic of the Congo
77%
Rwanda
77%
Togo
77%
Uganda
77%
Bahamas
73%
Benin
73%
Gabon
73%
Ghana
73%
Guinea
73%
Guyana
73%
Kyrgyzstan
73%
Mauritania
73%
Senegal
73%
Seychelles
73%
Sri Lanka
73%
Suriname
73%
Tanzania
73%
Vatican City
73%
Andorra
69%
Barbados
69%
Cameroon
69%
Dominica
69%
Guinea-Bissau
69%
Mauritius
69%
Mongolia
69%
Nicaragua
69%
Papua New Guinea
69%
Saint Lucia
69%
São Tomé and Príncipe
69%
Tajikistan
69%
Antigua and Barbuda
65%
Belize
65%
Bhutan
65%
Brunei
65%
Cabo Verde
65%
Comoros
65%
Dominican Republic
65%
eSwatini
65%
Fiji
65%
Guatemala
65%
Haiti
65%
Jamaica
65%
Liechtenstein
65%
Malaysia
65%
Moldova
65%
Mozambique
65%
Palau
65%
Philippines
65%
Saint Kitts and Nevis
65%
Saint Vincent and the Grenadines
65%
Serbia
65%
South Sudan
65%
El Salvador
62%
Grenada
62%
Kosovo
62%
Nauru
62%
North Macedonia
62%
Solomon Islands
62%
Turkmenistan
62%
Tuvalu
62%
Kiribati
58%
Paraguay
58%
Timor-Leste
58%
Vanuatu
58%
Montenegro
50%
San Marino
46%
No matching quizzes found
Score Distribution
Percent of People with Each Score
Percentile by Number Answered
Your Score History
You have not taken this quiz